المعنى والتأويل في النص القرآني

Bibliographic Details
Main Author: تميمي، عواطف كنوش مصطفى (Author)
Format: Book
Language:Arabic
Published: Amman : Dar al-Safa' , 2010
Edition:الطبعة 1
Subjects:

MARC

LEADER 00000cam a2200000 7i4500
001 0000082829
005 20230116093000.0
008 130516s2010 jo ara
020 |a 9789957244804 
050 0 0 |a BP130.4   |b .T35 2010 
090 0 0 |a BP130.4   |b .T35 2010 
100 1 |a تميمي، عواطف كنوش مصطفى ,   |e author 
241 1 3 |a al-Ma'na wa-al-ta'wil fi al-nas al-Qur'ani 
245 1 2 |a المعنى والتأويل في النص القرآني   |c عواطف كنوش مصطفى التميمي 
250 |a الطبعة 1 
260 |a Amman :   |b Dar al-Safa' ,   |c 2010 
300 |a 153 p. ;   |c 24 cm. 
504 |a Includes bibliographical references (p. 139-152) 
650 0 |a Qur'an; criticism, interpretation, etc 
650 0 |a Qur'an   |x Commentaries 
999 |a 1000156011   |b Book   |c OPEN SHELF (30 DAYS)   |e Gong Badak Campus